Química (Registro nro. 655)

Detalles MARC
000 -Cabecera
Campo de control de longitud fija 01058aam a2200433 4500
005 - Fecha y hora de la última transacción
Campo de control 20251128194948.0
008 - Elementos de longitud fija--Información general
Campo de control de longitud fija 150824b2009 xxu||||| |||| 00| 0 spa d
020 ## - International Standard Book Number
Número Internacional Estándar del Libro (ISBN) 9789701068885
041 ## - Idioma
Código de idioma Español
082 ## - Clasificación Decimal Dewey
Número de clasificación 540 R813q
100 ## - Entrada principal--Autor personal
Nombre personal Rosenberg, Jerome L.
9 (RLIN) 19405
100 ## - Entrada principal--Autor personal
Nombre personal Epstein, Lawrence M.
9 (RLIN) 19406
100 ## - Entrada principal--Autor personal
Nombre personal Krieger, Peter J.
9 (RLIN) 19407
245 ## - Título propiamente dicho
Título Química
260 ## - Pie de imprenta
Lugar de publicación, distribución, etc. México
260 ## - Pie de imprenta
Nombre del editor, distribuidor, etc. McGraw-Hill
260 ## - Pie de imprenta
Fecha de publicación, distribución, etc. 2009
300 ## - Descripción física
Extensión 387 páginas
440 ## - Declaración de serie/asiento adicional--título
Título de la serie Serie Schaum
490 ## - Serie
Título de la Serie Gestión de Calidad
490 ## - Serie
Título de la Serie Mecánica Dental
490 ## - Serie
Título de la Serie Electrónica
650 ## - Materia general
Temática (materia general) QUÍMICA
650 ## - Materia general
Temática (materia general) ÁTOMOS
650 ## - Materia general
Temática (materia general) ECUACIONES QUÍMICAS
650 ## - Materia general
Temática (materia general) MEDICIÓN DE GASES
650 ## - Materia general
Temática (materia general) TERMOQUÍMICA
650 ## - Materia general
Temática (materia general) TERMODINÁMICA
650 ## - Materia general
Temática (materia general) ESTRUCTURA ÁTOMICA
650 ## - Materia general
Temática (materia general) ENLACES QUÍMICOS
650 ## - Materia general
Temática (materia general) BIOQUÍMICA
650 ## - Materia general
Temática (materia general) PROPIEDADES QUÍMICAS
650 ## - Materia general
Temática (materia general) QUÍMICA ORGÁNICA
650 ## - Materia general
Temática (materia general) ELECTROQUÍMICA
942 ## - Punto de acceso adicional KOHA
Tipo de ítem KOHA Libro
Fuente del sistema de clasificación o colocación Dewey Decimal Classification
Existencias
Signatura completa Código de barras Programa Académico Tipo de ítem
540 R813q 6507   Libro